000 00751cam a2200241 a 4500
005 20131009052055.0
008 881223s1987 nyua b 001 0 ger d
020 _a09368264
041 0 _ager
080 _a007.52
100 1 _aRuocco, S. R.
245 1 0 _aSensoren und Wandler für Roboter /
_cS.R. Ruocco.
260 _aNew York :
_bHalsted Press ;
_aMilton Keynes :
_bOpen University Press,
_c1987.
300 _aix, 166 p. :
_bill. ;
_c25 cm.
490 1 _aOpen University Press robotics series
500 _aVorwort f. : IV
500 _aIncludes index.
504 _aBibliography: p. [160]-162.
650 0 _aRobotët
_xPajisje dhe furnizime ;
650 _2Automatët
830 0 _aOpen University Press robotics series.
942 _2udc
_cBK
999 _c66
_d66